| 000 | 00505nam a2200181Ia 4500 | ||
|---|---|---|---|
| 003 | GCL | ||
| 008 | 140319s9999 xx 000 0 ara d | ||
| 040 |
_aGCL / _cGCL |
||
| 082 | 0 | 4 |
_a813.09 _bض ق |
| 100 | 1 | _aضياء الدين بيبرس | |
| 245 | 1 | 0 |
_a4 قصص مكتوبة للسينما / _cضياء الدين بيبرس |
| 490 |
_aكتاب _v0 |
||
| 650 | 0 | 4 | _aالعصر الحديث |
| 650 | 0 | 4 | _aالقصص العربية |
| 650 | 0 | 4 | _aالادب |
| 650 | 0 | 4 | _aالقصص |
| 942 |
_2ddc _cBK |
||
| 999 |
_c40746 _d40746 |
||